| 000 | 00482nam a2200193Ia 4500 | ||
|---|---|---|---|
| 003 | GCL | ||
| 008 | 140319s9999 xx 000 0 eng d | ||
| 040 |
_aGCL / _cGCL |
||
| 082 | 0 | 4 |
_a618.19 _bM C |
| 100 | 1 | _aMANSEL, ROBERT E. | |
| 245 | 1 | 0 |
_aCOLOR ATLAS OF BREAST DISEASES / _cMANSEL, ROBERT E. |
| 700 | 1 | _aBUNDRED, NIGEL J. | |
| 260 |
_a[S.N] : _bMOSBY-WOLFE ، _c1995 |
||
| 300 | _a149 | ||
| 650 | 0 | 4 | _aDISEASES |
| 650 | 0 | 4 | _aMEDICINE |
| 650 | 0 | 4 | _aBREAST |
| 942 |
_2ddc _cBK |
||
| 999 |
_c25543 _d25543 |
||